[Event "VII Memorial Gianfranco Molinari A"]
[Site "Milano ITA"]
[Date "2013.10.31"]
[Round "1"]
[White "Tarelli, Daniele"]
[Black "Damia, Angelo"]
[WhiteElo "1960"]
[BlackElo "2188"]
[Result "1/2-1/2"]
[PlyCount "176"]
[EventDate "2013.10.31"]

1. Nc3 c5 2. e4 Nc6 3. Bb5 e6 4. Nf3 Nge7 5. O-O a6 6. Bxc6 Nxc6 7. d4 cxd4 8.
Nxd4 Qc7 9. Kh1 Bc5 10. Be3 Nxd4 11. Bxd4 O-O 12. Bxc5 Qxc5 13. a4 Qb4 14. Ra3
d6 15. Rb3 Qc5 16. Qd2 b6 17. Rd1 Rd8 18. Qd4 Qxd4 19. Rxd4 e5 20. Rdb4 Be6 21.
Nd5 f5 22. f3 fxe4 23. fxe4 Bxd5 24. exd5 Rac8 25. Rxb6 Rxc2 26. h3 Rd2 27.
Rxa6 Rxd5 28. Ra7 e4 29. Re7 Re5 30. Rxe5 dxe5 31. Rb5 Rd4 32. a5 Kf7 33. Rxe5
Kf6 34. Re8 Kf5 35. Rf8+ Ke5 36. a6 Ra4 37. Ra8 Kf4 38. Kh2 e3 39. a7 e2 40.
Re8 Rxa7 41. Rxe2 Rb7 42. Kg1 h5 43. Kf2 h4 44. Rc2 Rb4 45. b3 Rxb3 46. Rc4+
Kf5 47. Rxh4 g5 48. Rh8 Rb2+ 49. Kg3 Rb3+ 50. Kh2 Ra3 51. Rf8+ Kg6 52. Rf2 g4
53. hxg4 Kg5 54. Rf3 Ra4 55. Kh3 Rb4 56. Ra3 Rb5 57. Rf3 Rb4 58. Rf5+ Kg6 59.
Ra5 Rb1 60. Kg3 Rc1 61. g5 Rc4 62. Kh3 Rb4 63. g3 Rc4 64. g4 Rc1 65. Kh4 Rh1+
66. Kg3 Rg1+ 67. Kf3 Rf1+ 68. Kg2 Rb1 69. Rf5 Rb2+ 70. Kg3 Rb1 71. Kh4 Rh1+ 72.
Kg3 Ra1 73. Kf3 Ra3+ 74. Kg2 Rb3 75. Rf8 Kxg5 76. Rg8+ Kf6 77. Rf8+ Kg5 78.
Rg8+ Kf4 79. Kh2 Ra3 80. g5 Kf5 81. Kh1 Kf4 82. Kh2 Kf5 83. Kg2 Rb3 84. g6 Kf6
85. Kf2 Rb7 86. Kf3 Rg7 87. Rf8+ Kxg6 88. Kg4 Ra7 1/2-1/2

[Event "VII Memorial Gianfranco Molinari A"]
[Site "Milano ITA"]
[Date "2013.10.31"]
[Round "1"]
[White "Pelizzola, Danilo"]
[Black "Popovich, Fabio"]
[WhiteElo "2097"]
[BlackElo "1910"]
[Result "1/2-1/2"]
[PlyCount "141"]
[EventDate "2013.10.31"]

1. e4 g6 2. d4 Bg7 3. Nc3 d6 4. g3 Nd7 5. Bg2 Rb8 6. Nge2 c5 7. O-O Ngf6 8. h3
O-O 9. Be3 b6 10. Qd2 cxd4 11. Nxd4 Ne5 12. b3 Bb7 13. Nd5 Qd7 14. c4 Nc6 15.
Nc3 Rfd8 16. Rad1 Qe8 17. Ndb5 Nd7 18. Nd5 Nc5 19. b4 Ne6 20. f4 Nf8 21. a3
Rbc8 22. f5 Nd7 23. Nbc7 Qf8 24. fxg6 hxg6 25. Ne6 fxe6 26. Rxf8+ Rxf8 27. b5
exd5 28. bxc6 Bxc6 29. exd5 Ba4 30. Rc1 Ne5 31. Qb4 Bd7 32. Qb3 Bf5 33. Bf4 Nd3
34. Rf1 Bd4+ 35. Kh2 Nc5 36. Qd1 Bf6 37. Bh6 Rf7 38. g4 Bd3 39. Rxf6 Rxf6 40.
Qe1 Rf7 41. Be3 Bxc4 42. Bd4 Rcf8 43. Qh4 Rh7 44. Qg5 Bd3 45. Qe3 Bf1 46. Kg3
Bxg2 47. Kxg2 Kf7 48. Kg3 Ke8 49. Qe2 Kd8 50. Bxc5 dxc5 51. Qa6 Rfh8 52. Qxa7
Rxh3+ 53. Kf4 Rf8+ 54. Kg5 Rf6 55. a4 Ke8 56. a5 bxa5 57. Qxa5 Kf7 58. Qxc5
Rhf3 59. Qc8 Rd6 60. Qc4 Rff6 61. Kh6 Ke8 62. Qc8+ Rd8 63. Qb7 Rfd6 64. Kg7
R8d7 65. Qa8+ Rd8 66. Qa4+ R8d7 67. Kh6 Kd8 68. Qb3 Kc7 69. g5 Kc8 70. Qc4+ Kb7
71. Qb3+ 1/2-1/2

[Event "VII Memorial Gianfranco Molinari A"]
[Site "Milano ITA"]
[Date "2013.10.31"]
[Round "1"]
[White "Quagliarella, Sabino Remo"]
[Black "Brociner, Beniamino"]
[WhiteElo "1888"]
[BlackElo "2068"]
[Result "0-1"]
[PlyCount "54"]
[EventDate "2013.10.31"]

1. d4 d6 2. Nf3 Nf6 3. g3 Nbd7 4. Bg2 e5 5. dxe5 dxe5 6. O-O Be7 7. c4 c6 8.
Nc3 O-O 9. b3 Re8 10. Bb2 Bf8 11. Qc2 Qc7 12. Ng5 a5 13. Nge4 h6 14. Rad1 Nxe4
15. Bxe4 Nc5 16. Bf5 Ne6 17. e3 g6 18. Bxg6 fxg6 19. Qxg6+ Ng7 20. Ne4 Be7 21.
Nd6 Bxd6 22. Rxd6 Qf7 23. Qxh6 Qh5 24. Qf6 Bh3 25. Rfd1 Re6 26. Rd8+ Kh7 27.
Qf8 Qxd1+ 0-1

[Event "VII Memorial Gianfranco Molinari A"]
[Site "Milano ITA"]
[Date "2013.10.31"]
[Round "1"]
[White "Bemporad, Filippo"]
[Black "Beccari, Paolo"]
[WhiteElo "2026"]
[BlackElo "1789"]
[Result "1/2-1/2"]
[PlyCount "74"]
[EventDate "2013.10.31"]

1. d4 Nf6 2. Nf3 e6 3. g3 d5 4. Bg2 Nbd7 5. O-O Be7 6. c4 O-O 7. Nc3 c6 8. Nd2
Re8 9. e4 dxe4 10. Ndxe4 Nxe4 11. Nxe4 Nf6 12. Nc3 h6 13. Bf4 Bd6 14. Be5 c5
15. Nb5 Bxe5 16. dxe5 Nd7 17. Qd6 Rf8 18. Rfd1 a6 19. Nc3 Ra7 20. Rd2 b6 21. f4
Qc7 22. Rad1 Qxd6 23. Rxd6 Re8 24. Bc6 Re7 25. Na4 Nf8 26. Nxb6 Bb7 27. Na4 Rc7
28. Bxb7 Rcxb7 29. Nxc5 Rxb2 30. Rd8 Rc7 31. Nd7 Rxc4 32. Nxf8 Rcc2 33. Ng6+
Kh7 34. Nh4 Rxh2 35. R8d3 Rxa2 36. Nf3 Rag2+ 37. Kf1 Rf2+ 1/2-1/2

[Event "VII Memorial Gianfranco Molinari A"]
[Site "Milano ITA"]
[Date "2013.10.31"]
[Round "1"]
[White "Iacchetti, Giovanni"]
[Black "Montoli, Marco"]
[WhiteElo "1749"]
[BlackElo "1961"]
[Result "0-1"]
[PlyCount "60"]
[EventDate "2013.10.31"]

1. c4 Nf6 2. Nc3 d5 3. cxd5 Nxd5 4. g3 Nb6 5. Bg2 g6 6. Nf3 Bg7 7. d4 O-O 8.
O-O Nc6 9. d5 Na5 10. Nd4 e5 11. Nb3 Nac4 12. e4 Qe7 13. Qe2 Bd7 14. f4 a5 15.
Nd2 Nd6 16. a4 exf4 17. gxf4 Qe8 18. e5 Nf5 19. Nf3 Nxa4 20. Rxa4 Bxa4 21. Nxa4
Qxa4 22. e6 fxe6 23. dxe6 Rae8 24. Ng5 c6 25. Qg4 h6 26. Ne4 Rxe6 27. Qe2 Rfe8
28. Re1 Nd6 29. b3 Rxe4 30. Bxe4 Qxe4 0-1

[Event "VII Memorial Gianfranco Molinari A"]
[Site "Milano ITA"]
[Date "2013.11.01"]
[Round "2"]
[White "Brociner, Beniamino"]
[Black "Montoli, Marco"]
[WhiteElo "2068"]
[BlackElo "1961"]
[Result "1/2-1/2"]
[PlyCount "46"]
[EventDate "2013.10.31"]

1. Nf3 Nf6 2. c4 g6 3. g3 c6 4. Bg2 d5 5. O-O Bg7 6. cxd5 cxd5 7. d4 O-O 8. Nc3
Ne4 9. Ne5 Nxc3 10. bxc3 Nc6 11. Nxc6 bxc6 12. e4 Ba6 13. Re1 Re8 14. Ba3 e6
15. Rb1 Bc4 16. Rb2 Qc7 17. e5 Bf8 18. Bxf8 Rxf8 19. Qd2 Rab8 20. Reb1 Rxb2 21.
Qxb2 c5 22. Qa3 cxd4 23. cxd4 Rb8 1/2-1/2

[Event "VII Memorial Gianfranco Molinari A"]
[Site "Milano ITA"]
[Date "2013.11.01"]
[Round "2"]
[White "Damia, Angelo"]
[Black "Bemporad, Filippo"]
[WhiteElo "2188"]
[BlackElo "2026"]
[Result "1/2-1/2"]
[PlyCount "101"]
[EventDate "2013.10.31"]

1. e4 c5 2. Nf3 d6 3. Bb5+ Bd7 4. Bxd7+ Qxd7 5. c4 Nc6 6. O-O Nf6 7. Nc3 e6 8.
d4 cxd4 9. Nxd4 Be7 10. Be3 O-O 11. Rc1 Rac8 12. b3 Rfd8 13. f3 Ne5 14. Nde2 b6
15. Qd2 Qb7 16. Rfd1 a6 17. a4 Ned7 18. Qa2 Ne5 19. Nf4 Nc6 20. Nd3 Na5 21. Nf4
Nc6 22. Qf2 Rb8 23. h4 Nb4 24. Nd3 Nxd3 25. Rxd3 Nd7 26. Rdd1 Nc5 27. b4 Nd7
28. h5 h6 29. Bd4 Bg5 30. f4 Bf6 31. Qf3 Rbc8 32. Ne2 a5 33. Be3 Be7 34. b5 Nf6
35. e5 Qxf3 36. gxf3 dxe5 37. Bxb6 Rxd1+ 38. Rxd1 Rxc4 39. fxe5 Nd5 40. Bxa5
Rxa4 41. Be1 Ra2 42. Nc3 Nxc3 43. Bxc3 Ra3 44. Bd4 Rb3 45. b6 Bd8 46. Kf2 Bxb6
47. Bxb6 Rxb6 48. Rd8+ Kh7 49. Rd7 Kg8 50. Rd8+ Kh7 51. Rd7 1/2-1/2

[Event "VII Memorial Gianfranco Molinari A"]
[Site "Milano ITA"]
[Date "2013.11.01"]
[Round "2"]
[White "Beccari, Paolo"]
[Black "Pelizzola, Danilo"]
[WhiteElo "1789"]
[BlackElo "2097"]
[Result "0-1"]
[PlyCount "132"]
[EventDate "2013.10.31"]

1. e4 e5 2. Nf3 Nc6 3. Bb5 a6 4. Ba4 Nf6 5. O-O Be7 6. Re1 b5 7. Bb3 O-O 8. a4
Bb7 9. d3 d6 10. Nbd2 Re8 11. Nf1 Bf8 12. Ng3 g6 13. c3 Bg7 14. Ba2 Rf8 15. Bg5
h6 16. Bd2 Kh7 17. h4 Bc8 18. Bd5 Bd7 19. axb5 axb5 20. Qb3 Nxd5 21. Qxd5 Ne7
22. Qb7 Qb8 23. Qxb8 Rfxb8 24. Be3 f5 25. exf5 gxf5 26. Bd2 Nc6 27. b4 d5 28.
Ne2 Bf6 29. g3 Be8 30. Kg2 Bh5 31. Nfg1 Kg7 32. f3 Bf7 33. Nh3 Ra4 34. Rxa4
bxa4 35. Ra1 Ra8 36. Nf2 Be8 37. Ra3 Be7 38. Nd1 d4 39. Nb2 Kg6 40. Rxa4 Rxa4
41. Nxa4 Nxb4 42. cxb4 Bxa4 43. f4 Bd1 44. Kf2 Bxe2 45. Kxe2 e4 46. b5 Kh5 47.
Ba5 Bd8 48. dxe4 fxe4 49. f5 Kg4 50. f6 Bxf6 51. Bxc7 d3+ 52. Kd2 Kf3 53. Bf4
Bd8 54. Bxh6 Ba5+ 55. Kd1 Kxg3 56. h5 Bb6 57. Kd2 Kf3 58. Bg5 Kg4 59. h6 Ba5+
60. Kd1 Kxg5 61. h7 e3 62. h8=Q e2+ 63. Kc1 e1=Q+ 64. Kb2 Qb4+ 65. Ka2 Qa4+ 66.
Kb2 Qc2+ 0-1

[Event "VII Memorial Gianfranco Molinari A"]
[Site "Milano ITA"]
[Date "2013.11.01"]
[Round "2"]
[White "Popovich, Fabio"]
[Black "Tarelli, Daniele"]
[WhiteElo "1910"]
[BlackElo "1960"]
[Result "1-0"]
[PlyCount "103"]
[EventDate "2013.10.31"]

1. c4 Nf6 2. g3 e6 3. Bg2 d5 4. Nf3 Bd6 5. O-O O-O 6. b3 c5 7. Bb2 d4 8. e3 e5
9. d3 Nc6 10. Re1 h6 11. Na3 Bf5 12. exd4 exd4 13. Nc2 Qd7 14. b4 Rfe8 15. Qd2
Rad8 16. bxc5 Bxc5 17. Rab1 Qd6 18. Bc1 b6 19. Qd1 Rxe1+ 20. Nfxe1 Ne5 21. Bf4
g5 22. Bxe5 Qxe5 23. Nf3 Qd6 24. Qd2 Re8 25. h4 g4 26. Nfe1 Nd7 27. Bd5 Ne5 28.
Rb3 a5 29. Rb1 Qg6 30. Rd1 Nc6 31. Ng2 Bb4 32. Nxb4 Nxb4 33. Nf4 Qd6 34. Qb2
Nxd5 35. Nxd5 Qe5 36. Qxb6 Bxd3 37. Nf6+ Kh8 38. Nxe8 Qxe8 39. Qxh6+ Kg8 40.
Qg5+ Bg6 41. h5 Qe2 42. Rd2 Qe1+ 43. Kh2 Kg7 44. hxg6 f6 45. Qf4 a4 46. Qxd4 a3
47. c5 Kxg6 48. Qxg4+ Kh6 49. Qd4 Qb1 50. Qxf6+ Kh5 51. Rd5+ Kg4 52. Qf4# 1-0

[Event "VII Memorial Gianfranco Molinari A"]
[Site "Milano ITA"]
[Date "2013.11.01"]
[Round "2"]
[White "Quagliarella, Sabino Remo"]
[Black "Iacchetti, Giovanni"]
[WhiteElo "1888"]
[BlackElo "1749"]
[Result "1-0"]
[PlyCount "65"]
[EventDate "2013.10.31"]

1. d4 d6 2. g3 f5 3. Bg2 Nf6 4. c4 c6 5. Nc3 g6 6. Nf3 Bg7 7. Qb3 O-O 8. O-O
Na6 9. Bg5 Qe8 10. Rad1 h6 11. Bc1 Rb8 12. h4 Kh7 13. d5 Nc5 14. Qa3 a6 15. Nd4
Nce4 16. dxc6 bxc6 17. Nxe4 Nxe4 18. Qe3 c5 19. Nb3 Bb7 20. Na5 Bd4 21. Qxh6+
Kg8 22. Nxb7 Rxb7 23. h5 e6 24. Qxg6+ Qxg6 25. hxg6 Rg7 26. Bxe4 fxe4 27. Bh6
Rxg6 28. Bxf8 Rxg3+ 29. Kh2 Rg6 30. Bxd6 Rh6+ 31. Kg2 Rg6+ 32. Bg3 Be5 33. e3
1-0

[Event "VII Memorial Gianfranco Molinari A"]
[Site "Milano ITA"]
[Date "2013.11.01"]
[Round "3"]
[White "Pelizzola, Danilo"]
[Black "Brociner, Beniamino"]
[WhiteElo "2097"]
[BlackElo "2068"]
[Result "1-0"]
[PlyCount "97"]
[EventDate "2013.10.31"]

1. e4 c5 2. Nf3 g6 3. d4 cxd4 4. Nxd4 Bg7 5. c4 Nc6 6. Be3 Nf6 7. Nc3 d6 8. Be2
O-O 9. Rc1 a6 10. f3 Nxd4 11. Bxd4 Be6 12. b3 Qa5 13. Qd2 Rfc8 14. Nd5 Qxd2+
15. Kxd2 Bxd5 16. exd5 Bh6+ 17. Be3 Bxe3+ 18. Kxe3 Nd7 19. f4 Rc7 20. Rc2 a5
21. Rhc1 Nc5 22. Bf3 f6 23. h4 Rac8 24. g4 Na6 25. h5 g5 26. fxg5 fxg5 27. Be4
h6 28. Rf1 Rf8 29. Rxf8+ Kxf8 30. Rf2+ Kg7 31. Bg6 e5 32. dxe6 Nc5 33. Rf7+
Rxf7 34. exf7 Nd7 35. Ke4 Kf6 36. Bf5 Nc5+ 37. Kd5 Kxf7 38. Kxd6 Na6 39. a3 b6
40. Kc6 Nc5 41. b4 axb4 42. axb4 Nb3 43. Kxb6 Ke7 44. Kc7 Nd4 45. Bd7 Nf3 46.
c5 Ne5 47. Bf5 Nc4 48. b5 Ne3 49. b6 1-0

[Event "VII Memorial Gianfranco Molinari A"]
[Site "Milano ITA"]
[Date "2013.11.01"]
[Round "3"]
[White "Bemporad, Filippo"]
[Black "Popovich, Fabio"]
[WhiteElo "2026"]
[BlackElo "1910"]
[Result "0-1"]
[PlyCount "84"]
[EventDate "2013.10.31"]

1. d4 Nf6 2. Nf3 g6 3. c4 Bg7 4. Nc3 d5 5. cxd5 Nxd5 6. Bd2 O-O 7. e4 Nb6 8.
Be3 Bg4 9. Rc1 Nc6 10. d5 Ne5 11. b3 c6 12. Be2 Nxf3+ 13. Bxf3 Bxf3 14. Qxf3
cxd5 15. Bxb6 Bxc3+ 16. Qxc3 Qxb6 17. exd5 Qa6 18. Qc4 Qxa2 19. O-O Rac8 20.
Qxc8 Rxc8 21. Rxc8+ Kg7 22. Rc3 Qd2 23. Rfc1 Qxd5 24. Re3 a5 25. h3 b5 26. g3
e5 27. Ra1 b4 28. Rc1 h5 29. Rce1 Kf6 30. Rc1 Kg5 31. Rce1 f6 32. Rc1 f5 33.
Rxe5 Qxb3 34. Rxa5 h4 35. gxh4+ Kxh4 36. Ra6 Kh5 37. Rcc6 f4 38. Kh2 Qd3 39.
Rab6 b3 40. Rc5+ Kh6 41. Rcb5 Qf3 42. Rxb3 Qxf2+ 0-1

[Event "VII Memorial Gianfranco Molinari A"]
[Site "Milano ITA"]
[Date "2013.11.01"]
[Round "3"]
[White "Damia, Angelo"]
[Black "Quagliarella, Sabino Remo"]
[WhiteElo "2188"]
[BlackElo "1888"]
[Result "1-0"]
[PlyCount "69"]
[EventDate "2013.10.31"]

1. e4 d6 2. d4 g6 3. Nc3 Bg7 4. f4 c6 5. Nf3 Bg4 6. Be3 Nd7 7. h3 Bxf3 8. Qxf3
e5 9. O-O-O Qc7 10. fxe5 dxe5 11. d5 Ngf6 12. dxc6 bxc6 13. Bc4 O-O 14. Rhf1
Nb6 15. Bb3 Rad8 16. Rxd8 Rxd8 17. Bg5 Nbd7 18. Rd1 h6 19. Bh4 Rf8 20. g4 g5
21. Bf2 Nb6 22. h4 Qc8 23. Rg1 Rd8 24. hxg5 hxg5 25. Be3 c5 26. Bxg5 Qc6 27.
Bd5 Qd6 28. Rf1 Nbd7 29. Qf5 Rb8 30. Bxf6 Qxf6 31. Bxf7+ Kf8 32. Be6 Qxf5 33.
Rxf5+ Nf6 34. g5 Ke7 35. gxf6+ 1-0

[Event "VII Memorial Gianfranco Molinari A"]
[Site "Milano ITA"]
[Date "2013.11.01"]
[Round "3"]
[White "Tarelli, Daniele"]
[Black "Beccari, Paolo"]
[WhiteElo "1960"]
[BlackElo "1789"]
[Result "0-1"]
[PlyCount "43"]
[EventDate "2013.10.31"]

1. Nc3 Nf6 2. e4 d6 3. d4 g6 4. f4 Bg7 5. Nf3 O-O 6. Be3 Nbd7 7. Bd3 e5 8. dxe5
dxe5 9. f5 gxf5 10. exf5 e4 11. Nxe4 Nxe4 12. Bxe4 Re8 13. Nd2 Nf6 14. Bg5 Bxf5
15. Qf3 Bxe4 16. Nxe4 Qd4 17. Rd1 Rxe4+ 18. Kf1 Qc4+ 19. Rd3 Rae8 20. g3 Qxc2
21. Rd2 Re1+ 22. Kg2 0-1

[Event "VII Memorial Gianfranco Molinari A"]
[Site "Milano ITA"]
[Date "2013.11.02"]
[Round "4"]
[White "Pelizzola, Danilo"]
[Black "Damia, Angelo"]
[WhiteElo "2097"]
[BlackElo "2188"]
[Result "1-0"]
[PlyCount "109"]
[EventDate "2013.10.31"]

1. e4 g6 2. d4 Bg7 3. Nc3 d6 4. g3 Nf6 5. Bg2 O-O 6. Nge2 Na6 7. O-O c5 8. h3
Rb8 9. a4 cxd4 10. Nxd4 Nc5 11. Be3 a6 12. Qd2 Nfd7 13. b4 Ne6 14. Nf3 b6 15.
Ra3 Bb7 16. Nd5 Bc6 17. Rb1 b5 18. a5 Nc7 19. Nd4 Ba8 20. f4 Nf6 21. Nxf6+ Bxf6
22. Rd3 Qc8 23. Kh2 Ne6 24. Rc3 Qb7 25. Rbb3 Rfc8 26. Rxc8+ Rxc8 27. Rc3 Bg7
28. g4 Rc7 29. Rxc7 Qxc7 30. c3 Qc4 31. Kg1 Bb7 32. Bf1 Nxd4 33. cxd4 Qe6 34.
e5 Qd5 35. Bg2 Qxg2+ 36. Qxg2 Bxg2 37. Kxg2 dxe5 38. dxe5 g5 39. Kf3 Kf8 40.
Ke4 gxf4 41. Bxf4 Ke8 42. Kd5 Kd7 43. h4 e6+ 44. Ke4 Kc6 45. g5 Bf8 46. Bd2 Be7
47. h5 Bf8 48. Kd4 Be7 49. Ke4 Bd8 50. Bf4 Bc7 51. Bc1 Bxa5 52. bxa5 Kc5 53.
Kd3 Kb4 54. Bd2+ Kb3 55. Kd4 1-0

[Event "VII Memorial Gianfranco Molinari A"]
[Site "Milano ITA"]
[Date "2013.11.02"]
[Round "4"]
[White "Popovich, Fabio"]
[Black "Brociner, Beniamino"]
[WhiteElo "1910"]
[BlackElo "2068"]
[Result "0-1"]
[PlyCount "84"]
[EventDate "2013.10.31"]

1. c4 Nf6 2. g3 d6 3. Bg2 e5 4. Nc3 Be7 5. d3 c6 6. e4 O-O 7. Nge2 a6 8. O-O b5
9. b4 bxc4 10. dxc4 Be6 11. Qd3 Nbd7 12. Nd1 a5 13. Bd2 Nb6 14. Ne3 d5 15. exd5
axb4 16. Qb3 cxd5 17. Bxb4 Bxb4 18. Qxb4 Ra4 19. Qb5 dxc4 20. Qxe5 Qd2 21. Nf4
Nfd7 22. Qg5 Ra5 23. Qh4 g5 24. Qh6 gxf4 25. Be4 Nf6 26. Nxc4 Nxc4 27. Qxf6
fxg3 28. hxg3 Qg5 29. Qc3 Ra3 30. Qc2 f5 31. Bd3 Qd2 32. Rfe1 Qxd3 33. Qxd3
Rxd3 34. Rxe6 Rfd8 35. Kg2 Rd1 36. Rxd1 Rxd1 37. Rc6 Rc1 38. Rf6 Rc2 39. Kf3
Ne5+ 40. Kf4 Ng6+ 41. Kxf5 Rxf2+ 42. Kg5 Rxa2 0-1

[Event "VII Memorial Gianfranco Molinari A"]
[Site "Milano ITA"]
[Date "2013.11.02"]
[Round "4"]
[White "Montoli, Marco"]
[Black "Beccari, Paolo"]
[WhiteElo "1961"]
[BlackElo "1789"]
[Result "1-0"]
[PlyCount "109"]
[EventDate "2013.10.31"]

1. c4 Nf6 2. g3 e6 3. Bg2 d5 4. d4 Nbd7 5. Nf3 c6 6. Qc2 Be7 7. Nbd2 O-O 8. O-O
b6 9. e4 dxe4 10. Nxe4 Nxe4 11. Qxe4 Ba6 12. Qc2 Rc8 13. Rd1 Qc7 14. Qa4 Bb7
15. Bf4 Bd6 16. Bxd6 Qxd6 17. c5 Qb8 18. b4 Rfd8 19. Qa3 b5 20. Qe3 Qc7 21. a3
a6 22. Re1 Re8 23. Rad1 Rcd8 24. Nd2 Nf6 25. Ne4 Nxe4 26. Qxe4 Qe7 27. f4 Qf6
28. Qe5 Qxe5 29. dxe5 Rd5 30. Bxd5 cxd5 31. c6 Ba8 32. Rc1 Rc8 33. Rc5 Kf8 34.
Rec1 Ke7 35. a4 bxa4 36. Ra5 Rxc6 37. Rxc6 Bxc6 38. Rxa6 Kd7 39. Ra7+ Kc8 40.
Kf2 Kb8 41. Ra5 Kb7 42. Ke3 a3 43. Kd4 Kb6 44. Rxa3 Bb5 45. Ra8 Be2 46. Rg8 Bh5
47. Rxg7 Bg6 48. g4 Kc6 49. f5 exf5 50. gxf5 Bxf5 51. Rxf7 Be4 52. h4 h5 53.
Rf6+ Kb5 54. Rd6 Bf3 55. e6 1-0

[Event "VII Memorial Gianfranco Molinari A"]
[Site "Milano ITA"]
[Date "2013.11.02"]
[Round "4"]
[White "Quagliarella, Sabino Remo"]
[Black "Bemporad, Filippo"]
[WhiteElo "1888"]
[BlackElo "2026"]
[Result "0-1"]
[PlyCount "120"]
[EventDate "2013.10.31"]

1. d4 Nf6 2. c4 e6 3. Nf3 b6 4. g3 Bb7 5. Bg2 Be7 6. O-O O-O 7. Nc3 d5 8. cxd5
Nxd5 9. Re1 Nd7 10. e4 N5f6 11. Bg5 Re8 12. Rc1 Nf8 13. Ne5 c5 14. dxc5 Bxc5
15. Nd3 Be7 16. Bxf6 Bxf6 17. e5 Bxg2 18. exf6 Bh3 19. fxg7 Kxg7 20. Qh5 Bf5
21. Ne5 Bg6 22. Qf3 Qf6 23. Qxf6+ Kxf6 24. f4 Red8 25. Red1 Rac8 26. Kf2 h5 27.
Ke3 Bf5 28. Rxd8 Rxd8 29. Nb5 a6 30. Nd4 Ng6 31. Nef3 Ne7 32. Nxf5 Kxf5 33. h3
Nd5+ 34. Ke2 Rg8 35. Kf2 Rd8 36. a3 Rb8 37. Rc6 Rb7 38. Ne5 h4 39. Nc4 Rb8 40.
Nd6+ Kf6 41. Kf3 hxg3 42. Ne4+ Ke7 43. Kxg3 Rg8+ 44. Kf3 Rg1 45. Nf2 Re1 46.
Rc2 Re3+ 47. Kg4 f5+ 48. Kg5 Rg3+ 49. Kh4 Rg2 50. b4 Nxf4 51. a4 Nd3 52. Rc6
Rxf2 53. Rxb6 Kf6 54. Kg3 f4+ 55. Kh4 Kf5 56. b5 axb5 57. Rxb5+ e5 58. a5 Rg2
59. Rb8 Rg7 60. Rf8+ Ke4 0-1

[Event "VII Memorial Gianfranco Molinari A"]
[Site "Milano ITA"]
[Date "2013.11.02"]
[Round "4"]
[White "Iacchetti, Giovanni"]
[Black "Tarelli, Daniele"]
[WhiteElo "1749"]
[BlackElo "1960"]
[Result "0-1"]
[PlyCount "134"]
[EventDate "2013.10.31"]

1. c4 g6 2. Nc3 Bg7 3. g3 Nf6 4. Bg2 O-O 5. d3 e5 6. e4 d6 7. Nge2 Be6 8. O-O
Qd7 9. f4 Bh3 10. f5 Bxg2 11. Kxg2 h6 12. Nd5 Nxd5 13. cxd5 Qe7 14. Be3 a5 15.
g4 Kh7 16. Ng3 Nd7 17. Rc1 Rac8 18. Qd2 b6 19. g5 hxg5 20. Bxg5 Bf6 21. h4 Rh8
22. Rh1 Kg7 23. Rcf1 Rh7 24. Rh3 Rch8 25. Rfh1 Kf8 26. fxg6 Bxg5 27. g7+ Rxg7
28. hxg5 Rhg8 29. Rh8 Qxg5 30. Rxg8+ Kxg8 31. Qxg5 Rxg5 32. Kf3 Nc5 33. Rc1 Kf8
34. Nf5 Rh5 35. a3 Rh3+ 36. Ke2 Rh2+ 37. Ke3 Rxb2 38. Rh1 Ke8 39. Rh8+ Kd7 40.
Rh7 Rb3 41. Rxf7+ Kc8 42. Rf8+ Kb7 43. Rf7 Rxa3 44. Nxd6+ Ka6 45. Rxc7 Rxd3+
46. Ke2 Rd4 47. Rc8 Ka7 48. Rc7+ Kb8 49. Rc8+ Ka7 50. Nb5+ Kb7 51. Rc7+ Kb8 52.
Re7 Rxe4+ 53. Kf3 Rb4 54. Re8+ Kb7 55. Re7+ Ka6 56. Nc7+ Kb7 57. Nb5+ Nd7 58.
Rxd7+ Kc8 59. Rc7+ Kb8 60. Re7 Rxb5 61. Rxe5 a4 62. Re8+ Kc7 63. Ke4 a3 64.
Re7+ Kd8 65. Ra7 Ra5 66. Rh7 a2 67. Rh8+ Kd7 0-1

[Event "VII Memorial Gianfranco Molinari A"]
[Site "Milano ITA"]
[Date "2013.11.03"]
[Round "5"]
[White "Montoli, Marco"]
[Black "Pelizzola, Danilo"]
[WhiteElo "1961"]
[BlackElo "2097"]
[Result "1/2-1/2"]
[PlyCount "143"]
[EventDate "2013.10.31"]

1. c4 Nf6 2. g3 e6 3. Bg2 c5 4. Nf3 Nc6 5. O-O Be7 6. d4 cxd4 7. Nxd4 a6 8. Nc3
Qc7 9. b3 b6 10. Bf4 Qb7 11. Ndb5 axb5 12. cxb5 d5 13. bxc6 Qxc6 14. Rc1 Ba3
15. Nxd5 Qxd5 16. Bxd5 Nxd5 17. Rc2 Nxf4 18. gxf4 O-O 19. Rc7 e5 20. Qc2 exf4
21. Rd1 Be6 22. Qe4 Bb2 23. Rc2 Bf6 24. Qxf4 h6 25. Qb4 Rfb8 26. a4 b5 27. axb5
Rb7 28. b6 Rab8 29. Rc6 Be7 30. Qc3 Bd8 31. Qe5 Bxb6 32. Rxe6 fxe6 33. Qxe6+
Kh8 34. Rd7 Rxd7 35. Qxd7 Rf8 36. e3 Rf6 37. b4 Kh7 38. b5 Kh8 39. Qc8+ Kh7 40.
Qc2+ Kg8 41. e4 Kf7 42. e5 Re6 43. Qc4 Ke7 44. Qd5 Bc7 45. Qc5+ Kd7 46. Qd5+
Ke7 47. Qb7 Kd8 48. Qd5+ Ke7 49. Qb7 Kd8 50. f4 g5 51. fxg5 hxg5 52. Kg2 Bxe5
53. Qd5+ Ke7 54. b6 Kf6 55. b7 Bf4 56. Qd8+ Kf5 57. b8=Q Bxb8 58. Qxb8 Re4 59.
h3 Rf4 60. Qb1+ Kf6 61. Qb6+ Kg7 62. Kg3 Kh7 63. Qc7+ Kg6 64. Qd6+ Kg7 65. Qe7+
Kg6 66. Qe8+ Kf6 67. Qg8 Rh4 68. Qd8+ Kg6 69. Qd6+ Kf5 70. Qd7+ Kf6 71. Qd6+
Kf5 72. Qd5+ 1/2-1/2

[Event "VII Memorial Gianfranco Molinari A"]
[Site "Milano ITA"]
[Date "2013.11.03"]
[Round "5"]
[White "Brociner, Beniamino"]
[Black "Bemporad, Filippo"]
[WhiteElo "2068"]
[BlackElo "2026"]
[Result "1-0"]
[PlyCount "57"]
[EventDate "2013.10.31"]

1. e4 c5 2. Nf3 d6 3. d4 cxd4 4. Nxd4 Nf6 5. Nc3 e6 6. Be2 Be7 7. O-O O-O 8.
Be3 Nc6 9. f4 Qc7 10. Kh1 a6 11. a4 Na5 12. Qd3 Bd7 13. Rad1 Rac8 14. g4 Nc4
15. Bc1 Rfd8 16. g5 Ne8 17. f5 b5 18. fxe6 fxe6 19. Qh3 b4 20. Nf5 Bf8 21. Nh6+
gxh6 22. Rxf8+ Kxf8 23. Rf1+ Kg8 24. gxh6 Ne5 25. Bh5 Ng7 26. Qg3 Ng6 27. Bxg6
hxg6 28. Qxg6 Be8 29. h7+ 1-0

[Event "VII Memorial Gianfranco Molinari A"]
[Site "Milano ITA"]
[Date "2013.11.03"]
[Round "5"]
[White "Damia, Angelo"]
[Black "Popovich, Fabio"]
[WhiteElo "2188"]
[BlackElo "1910"]
[Result "1-0"]
[PlyCount "77"]
[EventDate "2013.10.31"]

1. e4 g6 2. d4 Bg7 3. Nc3 d6 4. f4 a6 5. Nf3 b5 6. Bd3 Nd7 7. O-O c5 8. d5 b4
9. Ne2 Ngf6 10. e5 Ng4 11. e6 fxe6 12. dxe6 Ndf6 13. h3 Nh6 14. g4 Bxe6 15. g5
Bxh3 16. gxf6 Bxf6 17. Be4 Rb8 18. Bc6+ Bd7 19. Qd5 Qc8 20. Bxd7+ Qxd7 21. Ng5
Qg4+ 22. Qg2 Qxg2+ 23. Kxg2 Nf5 24. Ng3 Nd4 25. Rf2 Kd7 26. Be3 Nb5 27. Rb1 h6
28. N5e4 Bg7 29. Bxc5 dxc5 30. Nxc5+ Kc8 31. Nxa6 Rb7 32. Nxb4 Rf8 33. c3 Nd6
34. Re1 Nc4 35. Nd5 e5 36. b3 exf4 37. bxc4 fxg3 38. Rxf8+ Bxf8 39. Re8+ 1-0

[Event "VII Memorial Gianfranco Molinari A"]
[Site "Milano ITA"]
[Date "2013.11.03"]
[Round "5"]
[White "Tarelli, Daniele"]
[Black "Quagliarella, Sabino Remo"]
[WhiteElo "1960"]
[BlackElo "1888"]
[Result "0-1"]
[PlyCount "96"]
[EventDate "2013.10.31"]

1. e4 c5 2. Nf3 d6 3. d4 cxd4 4. Nxd4 Nf6 5. Nc3 a6 6. Bc4 e6 7. Bg5 Be7 8. O-O
O-O 9. Nf3 Qc7 10. Bb3 Nbd7 11. Re1 Nc5 12. e5 dxe5 13. Rxe5 Nxb3 14. axb3 h6
15. Bf4 Bd6 16. Rc5 Bxf4 17. Rxc7 Bxc7 18. Nb5 Bb8 19. Qd4 Bd7 20. c4 Bc6 21.
h3 e5 22. Qe3 Rd8 23. Nc3 e4 24. Nd4 Ba7 25. Nce2 Rd7 26. Qc3 Rad8 27. Nxc6
bxc6 28. Rxa6 e3 29. fxe3 Ne4 30. Qc2 Bxe3+ 31. Kh2 Nf6 32. Qf5 Rd2 33. Qf3 Bg5
34. Rxc6 Rxb2 35. h4 Bxh4 36. Qh3 Bg5 37. Rc8 Rbd2 38. Rxd8+ Rxd8 39. c5 Re8
40. Nd4 h5 41. c6 Ng4+ 42. Kg3 g6 43. Nf3 Bd8 44. Qh1 Bc7+ 45. Kh4 Re4 46. Qc1
Nf2+ 47. Kg5 Bd8+ 48. Kh6 Ng4# 0-1